[Event "BCF-chT2 9798 (4NCL)"]
[Site "England"]
[Date "1998.01.25"]
[Round "6.5"]
[White "Hackett, David G"]
[Black "Easton, Alex"]
[Result "1-0"]
[WhiteElo "2225"]
[BlackElo "2096"]
[PlyCount "107"]
[EventDate "1997.11.??"]
[EventType "team"]
[EventRounds "11"]
[EventCountry "ENG"]
[SourceTitle "EXT 1999"]
[Source "ChessBase"]
[SourceDate "1998.11.16"]
[SourceVersion "1"]
[SourceVersionDate "1998.11.16"]
[SourceQuality "1"]
[WhiteTeam "Witney"]
[BlackTeam "Bristol II"]
[WhiteTeamCountry "ENG"]
[BlackTeamCountry "ENG"]

1. e4 e6 2. d4 d5 3. e5 c5 4. c3 Qb6 5. Nf3 Nc6 6. Bd3 cxd4 7. cxd4 Bd7 8. 0-0 Nxd4 9. Nxd4 Qxd4 10. Nc3 a6 11. Qe2 Rc8 12. Rd1 Bc5 13. a3 h5 14. Bg5 Nh6 15. Qxh5 Qxf2+ 16. Kh1 Qxb2 17. Rf1 Qxc3 18. Bg6 Rf8 19. Rxf7 Rxf7 20. Rf1 Be7 21. Bxf7+ Kd8 22. Bxe7+ Kc7 23. Bg6 Kb8 24. Qg5 Bb5 25. Rg1 Qc4 26. Bd6+ Ka8 27. Bh5 Nf5 28. Re1 Qh4 29. Qxh4 Nxh4 30. Bg4 Bd7 31. Kg1 g6 32. Be2 Nf5 33. Bb4 Nd4 34. Bd3 Rg8 35. Rf1 Nc6 36. Bd6 g5 37. Rf7 Bc8 38. Bh7 Rh8 39. Rg7 Nd4 40. Bd3 g4 41. Rxg4 Nb5 42. Bxb5 axb5 43. Rf4 Ka7 44. Bc5+ Ka6 45. Rf8 Rxf8 46. Bxf8 Kb6 47. Kf2 Kc6 48. Ke3 Bd7 49. g4 Be8 50. h4 Bg6 51. Bb4 Bc2 52. Kf4 d4 53. Kg5 Kd5 54. Kf6 1-0

[Event "BCF-chT2 9798 (4NCL)"]
[Site "England"]
[Date "1998.01.24"]
[Round "5.6"]
[White "Easton, Alex"]
[Black "Palliser, Richard"]
[Result "1-0"]
[WhiteElo "2096"]
[BlackElo "2165"]
[PlyCount "91"]
[EventDate "1997.11.??"]
[EventType "team"]
[EventRounds "11"]
[EventCountry "ENG"]
[SourceTitle "EXT 1999"]
[Source "ChessBase"]
[SourceDate "1998.11.16"]
[SourceVersion "1"]
[SourceVersionDate "1998.11.16"]
[SourceQuality "1"]
[WhiteTeam "Bristol II"]
[BlackTeam "White Rose"]
[WhiteTeamCountry "ENG"]
[BlackTeamCountry "ENG"]

1. Nf3 d6 2. d4 Nf6 3. c4 g6 4. Nc3 Bg7 5. e4 0-0 6. Be2 e5 7. 0-0 Nc6 8. d5 Ne7 9. Nd2 a5 10. a3 Bd7 11. Qc2 Ne8 12. Ra2 f5 13. b4 f4 14. c5 g5 15. f3 h5 16. Nc4 axb4 17. axb4 Rxa2 18. Qxa2 Ng6 19. c6 Bc8 20. cxb7 Bxb7 21. Na5 Bc8 22. Nc6 Qf6 23. Bd2 g4 24. Qa8 gxf3 25. Bxf3 Bg4 26. Nd8 Bxf3 27. Rxf3 Nh4 28. Rf2 Kh8 29. Ne6 Rg8 30. Qd8 Bh6 31. Qxf6+ Nxf6 32. h3 Kh7 33. Nxc7 Rc8 34. N7b5 Rc4 35. Nxd6 Rxb4 36. Kf1 Bf8 37. Nf7 Ng6 38. Re2 Kg8 39. Ng5 h4 40. Re1 Nh5 41. Ke2 Ng3+ 42. Kd3 Be7 43. Nf3 Nh5 44. Rb1 Rxb1 45. Nxb1 Ng7 46. Bc3 1-0